Valencia CF Squad 2017-2018 - Statistics

General Stats
  • This quiz has been taken 42 times
  • The average score is 18 of 26
Answer Stats
# Position Nation Player % Correct
7 FW Portugal Gonçalo Guedes
95%
14 DF Spain José Luis Gayà
95%
5 DF Brazil Gabriel Paulista
90%
1 GK Spain Jaume Doménech
90%
10 MF Spain Dani Parejo
85%
16 MF Central African Republic Geoffrey Kondogbia
85%
- Coach Spain Marcelino García Toral
85%
9 FW Italy Simone Zaza
85%
18 MF Spain Carlos Soler
80%
20 FW Spain Ferrán Torres
80%
4 DF Colombia Jeison Murillo
80%
13 GK Brazil Neto
80%
24 DF Argentina Ezequiel Garay
75%
17 MF France Francis Coquelin
75%
19 FW Spain Rodrigo Moreno
75%
22 FW Spain Santi Mina
75%
11 FW Brazil Andreas Pereira
70%
26 DF Spain Toni Lato
65%
8 FW Argentina Luciano Vietto
60%
6 MF Serbia Nemanja Maksimović
60%
3 DF Portugal Rúben Vezo
60%
21 DF Spain Martín Montoya
50%
15 DF Chile Fabián Orellana
40%
31 FW Spain Nacho Gil
40%
30 DF Spain Nacho Vidal
35%
20 FW Spain Rober Ibáñez
25%
No matching quizzes found
Score Distribution
Percent of People with Each Score
Percentile by Number Answered
Your Score History
You have not taken this quiz